| 000 | 00720nam a2200193 i 4500 | ||
|---|---|---|---|
| 001 | 49999 | ||
| 003 | ES-MaACL | ||
| 005 | 20230906162111.0 | ||
| 007 | t| | ||
| 008 | 030728s1959 sp ||||1| spa d | ||
| 100 | 1 |
_aCrewdson, Frederick M. _941584 |
|
| 245 | 1 | 0 |
_aPintura aerográfica o a soplete _b: (industrial y artística) / _cFrederick M. Crewdson ; traducción directa de la edición norteamericana por Vicente Boned Reig y Carlos Avila Montesó. |
| 250 | _a1ª ed. española. | ||
| 260 |
_aBarcelona : _bJosé Montesó, _c1959 ( _fClarasó) |
||
| 300 |
_a290 p. : _bil. ; _c22 cm. |
||
| 700 | 1 |
_aBoned Reig, Vicente. _930100 |
|
| 700 | 1 |
_aAvila Montesó, Carlos. _924056 |
|
| 852 |
_aES-MaACL _jC-16101 _bR.44112 |
||
| 999 |
_c49999 _d49999 |
||